000 00707nam a2200241Ia 4500
003 GCL
008 140319s9999 xx 000 0 ara d
040 _aGCL /
_cGCL
082 0 4 _aد
_b210.5
_bم م
100 1 _aمحمد رشيد رضا
245 1 0 _aمجلة المنار /
_cمحمد رشيد رضا
260 _a[S.N] :
_bدار الوفاء للطباعة والنشر والتوزيع ،
_c1327
300 _aمتعدد الترقيم
490 _a
650 0 4 _aالاسلام
650 0 4 _aالفلسفة
650 0 4 _aالتعليم
650 0 4 _aالتربية
650 0 4 _aالحضارة
650 0 4 _aاللغة العربية
650 0 4 _aالاجتماع
942 _2ddc
_cBK
999 _c29551
_d29551